| 000 | 006210000a22001810004500 | ||
|---|---|---|---|
| 003 | MACL | ||
| 005 | 20160510132108.0 | ||
| 008 | 160510b xxu||||| |||| 00| 0 eng d | ||
| 040 |
_aMACL _cMACL |
||
| 041 | _aHindi | ||
| 082 | _a891.431 MAT | ||
| 100 |
_aमाथुर, दिव्या _955915 |
||
| 245 |
_a11 सितम्बर _bसपनों की राख तले _cदिव्या माथुर |
||
| 260 |
_bहिन्दी बुक सेन्टर _c2003 _aनई दिल्ली |
||
| 350 | _a90 | ||
| 650 |
_aPoetry _955916 |
||
| 942 |
_cHIN _k891.431/MAT/P _2ddc |
||
| 999 |
_c18099 _d18099 |
||